Wordt geladen...
Genew Action
| Hoofdauteurs: | , |
|---|---|
| Formaat: | Printed Book |
| Gepubliceerd in: |
New Delhi, Prentice Hall of India pvt Ltd
1972
|
| Editie: | Ed.2 |
| Onderwerpen: |
| LEADER | 005930000a22002170004500 | ||
|---|---|---|---|
| 022 | |a 28-07-2004 | ||
| 041 | |a English | ||
| 082 | |a 575.1 L2 | ||
| 100 | |a Hartman, Philip E | ||
| 100 | |a Suskind, Sigmund R | ||
| 245 | |a Genew Action | ||
| 250 | |a Ed.2 | ||
| 260 | |a New Delhi, Prentice Hall of India pvt Ltd | ||
| 260 | |c 1972 | ||
| 650 | |a Biology | ||
| 650 | |a Gene | ||
| 650 | |a Genetic code | ||
| 650 | |a Protein biosynthesis | ||
| 942 | |c BK | ||
| 999 | |c 146099 |d 146095 | ||
| 952 | |0 0 |1 0 |4 0 |6 575_100000000000000_L2 |7 0 |9 144872 |a SCC |b SCC |d 2017-10-11 |l 0 |o 575.1 L2 |p SCC00956 |r 2017-10-11 |w 2017-10-11 |y BK | ||